000 00528nam a2200205Ia 4500
005 20240823051442.0
008 240823s9999||||xx |||||||||||||| ||und||
020 _a0-7895-0177-5
041 _aENGLISH
082 _A302.50285 N6
100 _aKathryn A Marold
245 0 _aBeyond the Internet Using Computers to Communicate
250 _a1st
260 _c1996
_b#VALUE!
500 _aTRANSFERED
650 _aBeyond the Internet
_bComputer Applications
700 _a Gwynne Larsen
942 _cBK
999 _c219626
_d219626